Lana Del Rey Longest Songs - Statistics

General Stats
  • This quiz has been taken 27 times
  • The average score is 10 of 30
Answer Stats
Length Song % Correct
9:37 Venice Bitch
77%
7:13 A&W
55%
5:14 Black Beauty
41%
5:51 Brooklyn Baby
41%
5:05 California
41%
5:23 Swan Song
41%
5:00 Cinnamon Girl
36%
5:34 Get Free
36%
5:55 Heroin
36%
5:50 Honeymoon
36%
6:18 Kintsugi
36%
5:39 Margaret
36%
5:42 Shades Of Cool
36%
5:21 Change
32%
6:39 Cruel World
32%
5:24 Hope is a dangerous thing for a woman like me to have - but i have it
32%
5:53 Taco Truck x VB
32%
5:00 The Greatest
32%
5:14 Candy Necklace
27%
5:48 Fingertips
27%
5:17 Sad Girl
27%
5:03 Text Book
27%
5:33 White Dress
27%
5:18 Black Bathing Suit
23%
5:49 The Next Best American Record
23%
5:21 Yayo
23%
5:23 Religion
18%
6:05 The Blackest Day
18%
5:07 Tomorrow Never Came
18%
5:06 Yosemite
18%
No matching quizzes found
Score Distribution
Percent of People with Each Score
Percentile by Number Answered
Your Score History
You have not taken this quiz